[Event "Huty op"]
[Site "Huty"]
[Date "2005.06.26"]
[Round "7"]
[White "Zemkova, Klara"]
[Black "Muron, Vlastimil"]
[Result "1-0"]
[WhiteElo "1350"]
[BlackElo "1350"]
[PlyCount "39"]
[EventDate "2005.06.20"]
[EventType "swiss"]
[EventRounds "7"]
[EventCountry "SVK"]
[SourceTitle "EXT 2009"]
[Source "ChessBase"]
[SourceDate "2008.11.26"]
[SourceVersion "1"]
[SourceVersionDate "2008.11.26"]
[SourceQuality "1"]

1. e4 e5 2. Nf3 Nc6 3. d4 d6 4. d5 Nd4 5. Nxd4 exd4 6. Qxd4 Qd7 7. Nc3 Qe7 8. Bb5+ Bd7 9. Bxd7+ Qxd7 10. 0-0 0-0-0 11. Qxa7 c6 12. Be3 Qe7 13. Bb6 Kd7 14. dxc6+ Ke8 15. Nd5 Qxe4 16. Rae1 Qxe1 17. Rxe1+ Be7 18. Qxb7 Nf6 19. Nxf6+ gxf6 20. Qxe7# 1-0